000
00386nam a2200133Ia 4500
008
100328s9999 xx 000 0 und d
082
_b
42293
100
_a
व्हटकर अशोक
245
_a
अजिंक्य आंबी
260
_b
सुयोग
630
_a
अजिंक्य आंबी
730
_a
अजिंक्य आंबी
942
_c
BOOK
999
_c
530758
_d
530755